Sudden Death - An welches Land...denke ich nicht? - Südamerika - Statistiken

Allgemein
  • Dieses Quiz wurde 134 mal gespielt
  • Das Durchschnittsergebnis liegt bei 2 aus 7
Answers on the Grid
Answers color-coded by a green-red scale on the quiz's grid according to % correct below.
Kolumbien🇨🇴
Bolivien🇧🇴
Argentinien🇦🇷
Chile🇨🇱
Peru🇵🇪
Uruguay🇺🇾
Venezuela🇻🇪
Paraguay🇵🇾
Ecuador🇪🇨
Guyana🇬🇾
Suriname🇸🇷
Brasilien🇧🇷
 
Antwortstatistiken
Antwort % Korrekt
Brasilien🇧🇷
57%
Argentinien🇦🇷
52%
Kolumbien🇨🇴
43%
Uruguay🇺🇾
35%
Peru🇵🇪
26%
Suriname🇸🇷
21%
Venezuela🇻🇪
12%
Keine übereinstimmenden Quizze gefunden
Verteilung der Resultate
Anzahl Personen mit jedem Resultat
Perzentil nach korrekt beantworteten Fragen
Ihre Resultats-Entwicklung
Sie haben dieses Quiz noch nicht gespielt